[Event "Midland Ch Forrest Cup"]
[Site "Derby"]
[Date "1993.03.21"]
[Round "5"]
[White "McSheehy, Nigel AP"]
[Black "Cohen, Aron J"]
[Result "1/2-1/2"]
[WhiteElo "1880"]
[BlackElo "2128"]
[PlyCount "58"]
[EventDate "1993.03.19"]
[EventType "swiss"]
[EventRounds "6"]
[EventCountry "ENG"]
[SourceTitle "BritBase"]
[Source "John Saunders"]
[SourceDate "2022.11.28"]
[SourceVersion "1"]
[SourceVersionDate "2022.08.23"]
[SourceQuality "1"]

1. d4 Nf6 2. c4 c5 3. d5 b5 4. cxb5 a6 5. f3 e6 6. e4 axb5 7. Bxb5 Ba6 8. Bxa6
Nxa6 9. Nc3 Qb6 10. Qe2 Nb4 11. Nh3 c4 12. Nf2 Bc5 13. O-O Nd3 14. Ncd1 O-O 15.
dxe6 fxe6 16. Be3 Bxe3 17. Qxe3 Qxe3 18. Nxe3 Nxb2 19. Nfd1 Rfb8 20. Nxb2 Rxb2
21. Nxc4 Rbxa2 22. Rxa2 Rxa2 23. Rf2 Ra1+ 24. Rf1 Rxf1+ 25. Kxf1 d5 26. exd5
exd5 27. Nd6 g6 28. Ke2 Kf8 29. Kd3 Ke7 1/2-1/2

[Event "Midland Ch Forrest Cup"]
[Site "Derby"]
[Date "1993.03.21"]
[Round "5"]
[White "Neil, David R"]
[Black "Gilmore, Simon N"]
[Result "1-0"]
[WhiteElo "2040"]
[BlackElo "2008"]
[PlyCount "35"]
[EventDate "1993.03.19"]
[EventType "swiss"]
[EventRounds "6"]
[EventCountry "ENG"]
[SourceTitle "BritBase"]
[Source "John Saunders"]
[SourceDate "2022.11.28"]
[SourceVersion "1"]
[SourceVersionDate "2022.08.23"]
[SourceQuality "1"]

1. e4 e5 2. f4 Bc5 3. Nf3 d6 4. Nc3 Nf6 5. Bc4 c6 6. d3 Qe7 7. Qe2 b5 8. Bb3
Nbd7 9. Be3 Bb7 10. fxe5 dxe5 11. O-O O-O 12. Nd1 Bxe3+ 13. Nxe3 Nc5 14. Nf5
Qc7 15. Qe3 Ne6 16. Ng5 Rae8 17. Qg3 Kh8 18. Nxg7 1-0

[Event "Midland Ch Forrest Cup"]
[Site "Derby"]
[Date "1993.03.21"]
[Round "5"]
[White "Nixon, Rodney J"]
[Black "Ledger, Stephen C"]
[Result "1/2-1/2"]
[WhiteElo "1856"]
[BlackElo "2088"]
[PlyCount "89"]
[EventDate "1993.03.19"]
[EventType "swiss"]
[EventRounds "6"]
[EventCountry "ENG"]
[SourceTitle "BritBase"]
[Source "John Saunders"]
[SourceDate "2022.11.28"]
[SourceVersion "1"]
[SourceVersionDate "2022.08.23"]
[SourceQuality "1"]

1. d4 Nf6 2. c4 c5 3. d5 b5 4. cxb5 a6 5. f3 g6 6. e4 d6 7. bxa6 Bxa6 8. Bxa6
Nxa6 9. Ne2 Bg7 10. O-O O-O 11. Na3 Nd7 12. Nc3 Nb4 13. Nc2 Qb6 14. Be3 Rfb8
15. Rf2 Ne5 16. Nxb4 Qxb4 17. Rc2 Nc4 18. Bc1 Bd4+ 19. Kh1 Rb7 20. Qe2 Na5 21.
Bd2 Nb3 22. Rf1 Nxd2 23. Qxd2 Qc4 24. Ne2 Qb5 25. b3 Rba7 26. g3 Ra3 27. Kg2
Bg7 28. Rf2 Qa6 29. Nc1 e6 30. dxe6 fxe6 31. Qe2 Qxe2 32. Rfxe2 Kf7 33. f4 Bd4
34. Nd3 Ke7 35. e5 dxe5 36. Nxe5 R3a6 37. b4 Bxe5 38. fxe5 cxb4 39. Rc7+ Kd8
40. Rxh7 Rxa2 41. Rxa2 Rxa2+ 42. Kf3 Ra5 43. Rb7 Rxe5 44. Rxb4 Ke7 45. h4
1/2-1/2

[Event "Midland Ch Forrest Cup"]
[Site "Derby"]
[Date "1993.03.21"]
[Round "5"]
[White "Rutter, Nicholas J"]
[Black "Duncan, Christopher R"]
[Result "1/2-1/2"]
[WhiteElo "2040"]
[BlackElo "2264"]
[PlyCount "86"]
[EventDate "1993.03.19"]
[EventType "swiss"]
[EventRounds "6"]
[EventCountry "ENG"]
[SourceTitle "BritBase"]
[Source "John Saunders"]
[SourceDate "2022.11.28"]
[SourceVersion "1"]
[SourceVersionDate "2022.08.23"]
[SourceQuality "1"]

1. e4 c5 2. Nf3 d6 3. d4 cxd4 4. Nxd4 Nf6 5. Nc3 g6 6. Be3 Bg7 7. f3 O-O 8. Qd2
Nc6 9. O-O-O Bd7 10. Kb1 Rc8 11. h4 Ne5 12. g4 b5 13. h5 Nxf3 14. Nxf3 Bxg4 15.
Qg2 Rxc3 16. Bd3 Qa5 17. Bd4 Rcc8 18. hxg6 fxg6 19. Bxf6 Bxf3 20. Qxf3 Rxf6 21.
Qh3 Qc7 22. e5 dxe5 23. Qxh7+ Kf7 24. Rhf1 Kf8 25. Bxg6 Rd8 26. Bd3 a6 27. a4
Rd4 28. Rg1 e6 29. axb5 axb5 30. c3 Rd7 31. Bxb5 Rxd1+ 32. Rxd1 Qb6 33. Qd3 Rf7
34. Qd8+ Qxd8 35. Rxd8+ Ke7 36. Rd7+ Kf6 37. Rxf7+ Kxf7 38. Kc2 Ke7 39. Bd3 Kd6
40. Be4 Bh6 41. b4 Be3 42. Kb3 Kc7 43. c4 Kb6 1/2-1/2

[Event "Midland Ch Forrest Cup"]
[Site "Derby"]
[Date "1993.03.21"]
[Round "5"]
[White "Tatlow, Stephen"]
[Black "Armstrong, Malcolm J"]
[Result "1-0"]
[WhiteElo "2072"]
[BlackElo "2000"]
[PlyCount "109"]
[EventDate "1993.03.19"]
[EventType "swiss"]
[EventRounds "6"]
[EventCountry "ENG"]
[SourceTitle "BritBase"]
[Source "John Saunders"]
[SourceDate "2022.11.28"]
[SourceVersion "1"]
[SourceVersionDate "2022.08.23"]
[SourceQuality "1"]

1. e4 e5 2. Nf3 Nc6 3. c3 Nf6 4. d4 exd4 5. e5 Nd5 6. cxd4 Bb4+ 7. Bd2 Bxd2+ 8.
Nbxd2 d6 9. Bb5 O-O 10. O-O Bg4 11. Qb3 Be6 12. Bxc6 bxc6 13. Qc2 Ne7 14. Rad1
f6 15. Rfe1 fxe5 16. dxe5 Bd5 17. exd6 cxd6 18. Ng5 Ng6 19. Ne6 Bxe6 20. Rxe6
Qd7 21. Rde1 Ne5 22. Qb3 Rab8 23. Rxd6+ Rxb3 24. Rxd7 Nxd7 25. Nxb3 Kf7 26. f4
Rb8 27. Re2 c5 28. Kf2 c4 29. Nd4 Nc5 30. Nc6 Nd3+ 31. Kf3 Rxb2 32. Rxb2 Nxb2
33. Ke2 Ke6 34. Nxa7 Kf5 35. Kf3 c3 36. Nb5 Na4 37. Nd4+ Kf6 38. Ke2 g5 39.
fxg5+ Kxg5 40. Kd3 Kf4 41. Ne2+ Kg4 42. Nxc3 Nb6 43. a4 h5 44. a5 Nc8 45. Nb5
h4 46. Ke2 Kf4 47. a6 Nb6 48. a7 Na8 49. Nc3 Kg4 50. Ke3 Nb6 51. Ke4 Na8 52.
Nd5 Kg5 53. h3 Kg6 54. Kf4 Kh5 55. Kf5 1-0

[Event "Midland Ch Forrest Cup"]
[Site "Derby"]
[Date "1993.03.21"]
[Round "6"]
[White "Alcock, Michael W"]
[Black "Nixon, Rodney J"]
[Result "1-0"]
[WhiteElo "2120"]
[BlackElo "1856"]
[PlyCount "67"]
[EventDate "1993.03.19"]
[EventType "swiss"]
[EventRounds "6"]
[EventCountry "ENG"]
[SourceTitle "BritBase"]
[Source "John Saunders"]
[SourceDate "2022.11.28"]
[SourceVersion "1"]
[SourceVersionDate "2022.08.23"]
[SourceQuality "1"]

1. e4 c5 2. Nf3 Nc6 3. d4 cxd4 4. Nxd4 Nf6 5. Nc3 d6 6. Bc4 Qb6 7. Ndb5 a6 8.
Be3 Qa5 9. Nd4 Nxe4 10. Qf3 f5 11. Nxc6 bxc6 12. O-O d5 13. Nxe4 fxe4 14. Qh5+
g6 15. Qe5 Rg8 16. Bb3 Bg7 17. Qg5 Bxb2 18. Rad1 Bf6 19. Qh6 Be6 20. Bd4 Qc7
21. Qe3 Bxd4 22. Rxd4 Bf7 23. f3 exf3 24. Qxf3 e6 25. Rf4 Rf8 26. Ba4 Ra7 27.
c4 Qb6+ 28. Kh1 Re7 29. cxd5 exd5 30. Rf6 Rc7 31. Bxc6+ Rxc6 32. Rxf7 Rxf7 33.
Qxf7+ Kd8 34. Qf8+ 1-0

[Event "Midland Ch Forrest Cup"]
[Site "Derby"]
[Date "1993.03.21"]
[Round "6"]
[White "Arkell, Keith C"]
[Black "Ledger, Andrew J"]
[Result "1-0"]
[WhiteElo "2488"]
[BlackElo "2328"]
[PlyCount "71"]
[EventDate "1993.03.19"]
[EventType "swiss"]
[EventRounds "6"]
[EventCountry "ENG"]
[SourceTitle "BritBase"]
[Source "John Saunders"]
[SourceDate "2022.11.28"]
[SourceVersion "1"]
[SourceVersionDate "2022.08.23"]
[SourceQuality "1"]

1. d4 g6 2. c4 Bg7 3. Nc3 d6 4. Nf3 Bg4 5. g3 Bxf3 6. exf3 e6 7. d5 exd5 8.
cxd5 Ne7 9. Qb3 Qc8 10. h4 O-O 11. Bh3 Nd7 12. Bg5 f5 13. h5 Nc5 14. Qc4 b5 15.
Qh4 b4 16. Bxe7 bxc3 17. hxg6 hxg6 18. Kf1 cxb2 19. Rb1 Re8 20. Bf6 Qd7 21.
Bxf5 gxf5 22. Qh7+ Kf8 23. Rh6 Qf7 24. Bxg7+ Qxg7 25. Qxf5+ Kg8 26. Rg6 Rab8
27. Rxg7+ Kxg7 28. Qc2 Rh8 29. Kg2 Rh5 30. Rxb2 Rbh8 31. f4 Rh2+ 32. Kf3 Re8
33. Rb4 Re7 34. Qb2+ Kf7 35. Qb1 Nd7 36. Re4 1-0

[Event "Midland Ch Forrest Cup"]
[Site "Derby"]
[Date "1993.03.21"]
[Round "6"]
[White "Brown, Anthony J"]
[Black "Archer-Lock, Christopher J"]
[Result "1/2-1/2"]
[WhiteElo "2032"]
[BlackElo "2000"]
[PlyCount "63"]
[EventDate "1993.03.19"]
[EventType "swiss"]
[EventRounds "6"]
[EventCountry "ENG"]
[SourceTitle "BritBase"]
[Source "John Saunders"]
[SourceDate "2022.11.28"]
[SourceVersion "1"]
[SourceVersionDate "2022.08.23"]
[SourceQuality "1"]

1. e4 e6 2. Qe2 c5 3. f4 a6 4. Nf3 b5 5. g3 Bb7 6. Bg2 Nf6 7. d3 Nc6 8. h3 Be7
9. Nc3 Nd4 10. Qf2 Rc8 11. O-O b4 12. Nd1 d5 13. e5 Nd7 14. Ne3 Qc7 15. Ne1 O-O
16. c3 bxc3 17. bxc3 Nb5 18. Bb2 f5 19. Rb1 c4 20. d4 Nb6 21. Qc2 Bc6 22. g4 g6
23. Qd2 Na4 24. Nf3 Nxb2 25. Rxb2 Qa5 26. gxf5 gxf5 27. Nd1 Nc7 28. Ne3 Rb8 29.
Rfb1 Rxb2 30. Qxb2 Nb5 31. Nd1 Be8 32. Kf2 1/2-1/2

[Event "Midland Ch Forrest Cup"]
[Site "Derby"]
[Date "1993.03.21"]
[Round "6"]
[White "Buckley, Graeme N"]
[Black "McSheehy, Nigel AP"]
[Result "1/2-1/2"]
[WhiteElo "2288"]
[BlackElo "1880"]
[PlyCount "80"]
[EventDate "1993.03.19"]
[EventType "swiss"]
[EventRounds "6"]
[EventCountry "ENG"]
[SourceTitle "BritBase"]
[Source "John Saunders"]
[SourceDate "2022.11.28"]
[SourceVersion "1"]
[SourceVersionDate "2022.08.23"]
[SourceQuality "1"]

1. d4 d5 2. c4 e6 3. Nc3 Nf6 4. Bg5 c5 5. cxd5 cxd4 6. Qxd4 Be7 7. e4 Nc6 8.
Qd2 Nxe4 9. Nxe4 exd5 10. Bxe7 Qxe7 11. Qxd5 O-O 12. f3 Nb4 13. Qc5 Qxc5 14.
Nxc5 Nc2+ 15. Kd2 Nxa1 16. Bd3 Rd8 17. Ne2 b6 18. Ne4 Ba6 19. Nf2 Bxd3 20. Nxd3
Rxd3+ 21. Kxd3 Rd8+ 22. Nd4 Nc2 23. Kxc2 Rxd4 24. Kc3 Rd5 25. Re1 Kf8 26. Re2
Rc5+ 27. Kd4 f6 28. b4 Rc1 29. h4 b5 30. Kd5 Rc4 31. a3 Kf7 32. h5 Rc3 33. Ra2
Rc4 34. Kd6 f5 35. Re2 a6 36. Re7+ Kf6 37. h6 Rd4+ 38. Kc5 Rc4+ 39. Kd6 Rd4+
40. Kc5 Rc4+ 1/2-1/2

[Event "Midland Ch Forrest Cup"]
[Site "Derby"]
[Date "1993.03.21"]
[Round "6"]
[White "Cammack, George E"]
[Black "Edgell, Benjamin P"]
[Result "1-0"]
[WhiteElo "1360"]
[BlackElo "1760"]
[PlyCount "89"]
[EventDate "1993.03.19"]
[EventType "swiss"]
[EventRounds "6"]
[EventCountry "ENG"]
[SourceTitle "BritBase"]
[Source "John Saunders"]
[SourceDate "2022.11.28"]
[SourceVersion "1"]
[SourceVersionDate "2022.08.23"]
[SourceQuality "1"]

1. d4 g6 2. e3 Bg7 3. Bd3 c5 4. Nd2 cxd4 5. e4 Nc6 6. a3 Nf6 7. Ngf3 d6 8. O-O
O-O 9. h3 e5 10. Nh2 d5 11. f4 exf4 12. Rxf4 Bh6 13. Rf1 Be3+ 14. Kh1 Ne5 15.
exd5 Nxd3 16. cxd3 Nxd5 17. Qf3 Bf5 18. Ne4 Rc8 19. Bxe3 Nxe3 20. Rf2 Qe7 21.
g4 Bxe4 22. dxe4 Nc4 23. Rg1 Ne5 24. Qg3 d3 25. Nf3 Nxf3 26. Qxf3 Rc2 27. Rxc2
dxc2 28. Qd3 Rc8 29. Rc1 Qc5 30. Kg2 Qc4 31. Qxc4 Rxc4 32. Kf3 Kf8 33. Ke3 Ke7
34. Kd3 Rc6 35. Rxc2 Rxc2 36. Kxc2 Kd6 37. Kd3 Ke5 38. Ke3 f6 39. b4 b5 40. h4
g5 $4 (40... h5 $19) 41. hxg5 fxg5 42. Kd3 Kf4 43. Kd4 Kxg4 44. e5 Kf5 45. Kd5
1-0

[Event "Midland Ch Forrest Cup"]
[Site "Derby"]
[Date "1993.03.21"]
[Round "6"]
[White "Edwards, Simon R"]
[Black "Armstrong, Malcolm J"]
[Result "0-1"]
[WhiteElo "1728"]
[BlackElo "2000"]
[PlyCount "82"]
[EventDate "1993.03.19"]
[EventType "swiss"]
[EventRounds "6"]
[EventCountry "ENG"]
[SourceTitle "BritBase"]
[Source "John Saunders"]
[SourceDate "2022.11.28"]
[SourceVersion "1"]
[SourceVersionDate "2022.08.23"]
[SourceQuality "1"]

1. e4 e5 2. Nf3 Nc6 3. Bc4 Be7 4. O-O Nf6 5. Nc3 O-O 6. d4 exd4 7. Nxd4 d6 8.
Re1 Nxd4 9. Qxd4 c6 10. Bf4 b5 11. Be2 Qb6 12. Qxb6 axb6 13. Bf3 Ne8 14. a3 Be6
15. Rad1 Rd8 16. Be3 Rb8 17. Bf4 f6 18. Bg3 Rf7 19. e5 dxe5 20. Bxc6 b4 21. Nd5
bxa3 22. bxa3 Bc5 23. Nb4 g5 24. Rd2 Rc8 25. Bd5 Nc7 26. Bxe6 Nxe6 27. c3 Ra7
28. Ra1 Kf7 29. Kf1 Bxb4 30. cxb4 Nd4 31. Rb2 Rxa3 32. Rd1 Rc4 33. f3 b5 34.
Be1 Ke6 35. Kf2 Ra6 36. Rd3 Rac6 37. Rdd2 Rc2 38. Rdxc2 Rxc2+ 39. Rxc2 Nxc2 40.
Bd2 Kd5 41. Ke2 Kc4 0-1

[Event "Midland Ch Forrest Cup"]
[Site "Derby"]
[Date "1993.03.21"]
[Round "6"]
[White "Grinsell, Lee A"]
[Black "Eames, Robert S"]
[Result "0-1"]
[WhiteElo "2032"]
[BlackElo "2128"]
[PlyCount "96"]
[EventDate "1993.03.19"]
[EventType "swiss"]
[EventRounds "6"]
[EventCountry "ENG"]
[SourceTitle "BritBase"]
[Source "John Saunders"]
[SourceDate "2022.11.28"]
[SourceVersion "1"]
[SourceVersionDate "2022.08.23"]
[SourceQuality "1"]

1. Nf3 Nf6 2. d4 e6 3. Bf4 b6 4. e3 Bb7 5. Nbd2 d6 6. Be2 Nbd7 7. O-O h6 8. c4
g5 9. Bg3 h5 10. h4 g4 11. Ne1 Be7 12. Nd3 Ne4 13. Nxe4 Bxe4 14. d5 e5 15. Qe1
Rg8 16. b4 Bxh4 17. c5 Bg5 18. c6 Nf8 19. Rd1 h4 $19 20. Nxe5 dxe5 21. Bxe5 h3
22. d6 cxd6 (22... hxg2 $19) 23. Bxd6 (23. Bb5 $1 $11) 23... hxg2 24. Bb5 Qc8
$4 (24... Qxd6 $1 $19 25. Rxd6 Rh8) 25. c7+ Nd7 26. Qc3 gxf1=Q+ 27. Kxf1 f5 28.
Rd4 $2 (28. Qc4 $18) 28... Kf7 29. Qc4+ Kg6 30. Rxe4 fxe4 31. Qxe4+ Kh6 32.
Qh1+ Kg7 33. Qh5 Kf6 34. Qxg4 Nf8 35. Qd4+ $2 (35. Qf3+ Kg6 36. Bd3+ Kh6 37.
Bxf8+ Rxf8 38. Qh1+ Kg7 39. Qh7+ Kf6 40. Qg6+ Ke5 41. Qxg5+ Kd6 42. Qg3+ Kd5
43. Qg2+ $11) 35... Kf7 36. Bc4+ $2 (36. Qd5+ $11) 36... Ne6 37. Qg4 Rg6 38.
Qf3+ Kg7 39. Be5+ Kh7 40. Bd3 $2 (40. Qf7+ Kh6 41. Qf3 $11) 40... Qg8 41. Qh3+
Bh6 42. f4 Qf7 43. Ke2 Qg8 44. f5 Ng5 45. Qh5 Qxa2+ 46. Kf1 Rc6 47. Qd1 Qd5 48.
Bc4 Qxc4+ 0-1

[Event "Midland Ch Forrest Cup"]
[Site "Derby"]
[Date "1993.03.21"]
[Round "6"]
[White "Hebden, Mark L"]
[Black "Cooper, Lawrence"]
[Result "1/2-1/2"]
[WhiteElo "2536"]
[BlackElo "2240"]
[PlyCount "76"]
[EventDate "1993.03.19"]
[EventType "swiss"]
[EventRounds "6"]
[EventCountry "ENG"]
[SourceTitle "BritBase"]
[Source "John Saunders"]
[SourceDate "2022.11.28"]
[SourceVersion "1"]
[SourceVersionDate "2022.08.23"]
[SourceQuality "1"]

1. d4 d5 2. c4 Bf5 3. cxd5 Bxb1 4. Qa4+ c6 5. Rxb1 Qxd5 6. Nf3 Nd7 7. a3 e5 8.
dxe5 Nxe5 9. Nxe5 Qxe5 10. Bf4 Qf5 11. Rd1 Nf6 12. e3 Nd7 13. Bd3 Qf6 14. Qc2
g6 15. Bc4 O-O-O 16. O-O Nb6 17. Rxd8+ Kxd8 18. Rd1+ Kc8 19. Be2 h5 20. b4 Be7
21. b5 Rd8 22. bxc6 Rxd1+ 23. Bxd1 bxc6 24. h4 Nd5 25. Bg5 Qd6 26. Bxe7 Nxe7
27. Qa4 Qd2 28. g3 Qd7 29. Bf3 Nd5 30. e4 Nb6 31. Qb4 Qe6 32. Be2 Kd8 33. a4
Ke8 34. a5 Nd7 35. Bd3 Qe5 36. Kg2 Qc5 37. Qa4 Ne5 38. Be2 Ng4 1/2-1/2

[Event "Midland Ch Forrest Cup"]
[Site "Derby"]
[Date "1993.03.21"]
[Round "6"]
[White "Joseph, Stephen Mario"]
[Black "Barnes, Michael H"]
[Result "1-0"]
[WhiteElo "2136"]
[BlackElo "2208"]
[PlyCount "99"]
[EventDate "1993.03.19"]
[EventType "swiss"]
[EventRounds "6"]
[EventCountry "ENG"]
[SourceTitle "BritBase"]
[Source "John Saunders"]
[SourceDate "2022.11.28"]
[SourceVersion "1"]
[SourceVersionDate "2022.08.23"]
[SourceQuality "1"]

1. e4 e5 2. Nf3 Nc6 3. Bb5 g6 4. O-O Bg7 5. c3 a6 6. Ba4 d6 7. d4 Bd7 8. Bg5 f6
9. Be3 Nh6 10. h3 Nf7 11. Bb3 O-O 12. dxe5 dxe5 13. Bc5 Re8 14. Nbd2 b6 15. Be3
Na5 16. Bd5 c6 17. Bxf7+ Kxf7 18. b4 Nb7 19. Nc4 Be6 20. Nxb6 Qxd1 21. Rfxd1
Rad8 22. Rd2 Rxd2 23. Nxd2 f5 24. Nb3 Rd8 25. exf5 gxf5 26. Na4 Rd3 27. Rc1 e4
28. Nd4 Bxd4 29. cxd4 Bd5 30. Nc3 Ke6 31. a4 f4 32. Bxf4 Rxd4 33. Rb1 Rc4 34.
Ne2 Kf6 35. Be3 Nd6 36. Bc5 Nf5 37. a5 Ke5 38. Rd1 h5 39. g3 e3 40. fxe3 Rc2
41. Re1 Bf3 42. g4 hxg4 43. hxg4 Nh4 44. Nd4 Ra2 45. Be7 Rg2+ 46. Kf1 Ke4 47.
Bxh4 Rh2 48. Bg3 Rg2 49. Bf4 Rxg4 50. Ne2 1-0

[Event "Midland Ch Forrest Cup"]
[Site "Derby"]
[Date "1993.03.21"]
[Round "6"]
[White "Kitson, Peter R"]
[Black "Burke, Steven J"]
[Result "1/2-1/2"]
[WhiteElo "2016"]
[BlackElo "1976"]
[PlyCount "81"]
[EventDate "1993.03.19"]
[EventType "swiss"]
[EventRounds "6"]
[EventCountry "ENG"]
[SourceTitle "BritBase"]
[Source "John Saunders"]
[SourceDate "2022.11.28"]
[SourceVersion "1"]
[SourceVersionDate "2022.08.23"]
[SourceQuality "1"]

1. e4 Nf6 2. Nc3 d6 3. f4 c6 4. Nf3 Bg4 5. h3 Bxf3 6. Qxf3 e5 7. Bc4 a5 8. a4
Na6 9. d3 Be7 10. fxe5 dxe5 11. Be3 Nb4 12. O-O-O b5 13. axb5 a4 14. Qg3 a3 15.
bxa3 Rxa3 16. Qxe5 O-O 17. Nb1 Na2+ 18. Kd2 Bb4+ 19. Ke2 Nc3+ 20. Nxc3 Rxc3 21.
Bb3 Re8 22. Qf4 Bd6 23. Qf3 c5 24. Rhe1 c4 25. Bxc4 Rxc2+ 26. Kf1 Bb4 27. Rc1
Rxc4 28. dxc4 Bxe1 29. Rxe1 Nxe4 30. Kg1 Qc8 31. Bd4 Nd2 32. Rxe8+ Qxe8 33. Qe3
Qxe3+ 34. Bxe3 Nxc4 35. b6 Nd6 36. Kf2 f6 37. Ke2 Kf7 38. Kd3 Ke6 39. Kd4 Nb7
40. Bf4 g5 41. Bc7 1/2-1/2

[Event "Midland Ch Forrest Cup"]
[Site "Derby"]
[Date "1993.03.21"]
[Round "6"]
[White "Ledger, Dave J"]
[Black "Flear, Glenn C"]
[Result "0-1"]
[WhiteElo "2168"]
[BlackElo "2504"]
[PlyCount "72"]
[EventDate "1993.03.19"]
[EventType "swiss"]
[EventRounds "6"]
[EventCountry "ENG"]
[SourceTitle "BritBase"]
[Source "John Saunders"]
[SourceDate "2022.11.28"]
[SourceVersion "1"]
[SourceVersionDate "2022.08.23"]
[SourceQuality "1"]

1. Nf3 d5 2. g3 Bg4 3. Bg2 Nd7 4. O-O c6 5. d3 e6 6. h3 Bh5 7. Qe1 Bd6 8. e4
Ne7 9. Nc3 Qc7 10. Bd2 O-O 11. Ne2 Rae8 12. Nf4 Bxf3 13. Bxf3 e5 14. Ne2 f5 15.
Bg2 dxe4 16. dxe4 f4 17. gxf4 exf4 18. Nd4 Ng6 19. Qe2 Kh8 20. Rae1 Nf6 21. Bf3
Nh4 22. Qd3 Qd7 23. Nf5 Nxf3+ 24. Qxf3 Nxe4 25. Rxe4 Rxe4 26. Nxd6 Rd4 27. Ne4
Qe7 28. Bc3 Rxe4 29. Rd1 h6 30. Qg4 f3 31. Qh5 Kh7 32. Kh2 Rh4 33. Rd7 Qxd7 34.
Qxh4 Qd6+ 35. Kg1 Qg6+ 36. Kf1 Re8 0-1

[Event "Midland Ch Forrest Cup"]
[Site "Derby"]
[Date "1993.03.21"]
[Round "6"]
[White "Ledger, Stephen C"]
[Black "Rutter, Nicholas J"]
[Result "1-0"]
[WhiteElo "2088"]
[BlackElo "2040"]
[PlyCount "29"]
[EventDate "1993.03.19"]
[EventType "swiss"]
[EventRounds "6"]
[EventCountry "ENG"]
[SourceTitle "BritBase"]
[Source "John Saunders"]
[SourceDate "2022.11.28"]
[SourceVersion "1"]
[SourceVersionDate "2022.08.23"]
[SourceQuality "1"]

1. f4 d5 2. Nf3 c5 3. e3 g6 4. d4 Bg7 5. c3 cxd4 6. exd4 Nf6 7. Bd3 O-O 8. O-O
b6 9. Qe2 Qc7 10. Ne5 Nc6 11. Nxc6 Qxc6 12. Qxe7 Re8 13. Qb4 Qc7 14. Qb3 Ne4 $2
15. Qxd5 (15. Qxd5 {Probably annoyed with himself for having left two pawns en
prise, Black apparently resigned. But, extraordinarily, Stockfish 15 analyses
Black's position through to a win after} Bb7 $1 {e.g.} 16. Qc4 Qd7 17. Bxe4
Rxe4 18. Nd2 Re3 19. Nf3 b5 20. Qc5 Re2 {. It is very much a computer line and
probably out of range of even a top GM, but certainly worth playing on.}) 1-0

[Event "Midland Ch Forrest Cup"]
[Site "Derby"]
[Date "1993.03.21"]
[Round "6"]
[White "Molyneux, John"]
[Black "Cohen, Aron J"]
[Result "1-0"]
[WhiteElo "2072"]
[BlackElo "2128"]
[PlyCount "95"]
[EventDate "1993.03.19"]
[EventType "swiss"]
[EventRounds "6"]
[EventCountry "ENG"]
[SourceTitle "BritBase"]
[Source "John Saunders"]
[SourceDate "2022.11.28"]
[SourceVersion "1"]
[SourceVersionDate "2022.08.23"]
[SourceQuality "1"]

1. f4 d6 2. Nf3 g6 3. e4 Nf6 4. Nc3 Bg7 5. Be2 c5 6. O-O Nc6 7. Qe1 O-O 8. d3
a6 9. a4 Rb8 10. Qh4 b5 11. axb5 axb5 12. Bd1 e6 13. e5 Ne8 14. Qxd8 Nxd8 15.
Be3 Nc6 16. exd6 Nd4 17. Bxd4 cxd4 18. Ne2 Nxd6 19. Nexd4 Bb7 20. Ne5 g5 21. g3
Rbc8 22. c3 Rfd8 23. Ra5 b4 24. Nb5 gxf4 25. gxf4 f6 26. Ng4 f5 27. Ne5 Nxb5
28. Rxb5 bxc3 29. Rxb7 c2 30. Bxc2 Rxc2 31. Rd1 Bxe5 32. fxe5 Rc5 33. Kf2 Rc2+
34. Kg3 Rd4 35. h3 h6 36. Kf3 Kh8 37. Re7 Rxb2 38. Rxe6 Kh7 39. Rf6 Rb3 40.
Rxf5 Rdxd3+ 41. Rxd3 Rxd3+ 42. Kf4 Rd4+ 43. Ke3 Rd1 44. Rf3 Kg6 45. Ke4 Ra1 46.
Rf6+ Kg7 47. Rf3 Ra4+ 48. Kf5 {The bulletin is silent but presumably there
were more moves played or perhaps Black lost on time, since the position on
the board is not resignable.} 1-0

[Event "Midland Ch Forrest Cup"]
[Site "Derby"]
[Date "1993.03.21"]
[Round "6"]
[White "Neil, David R"]
[Black "Tatlow, Stephen"]
[Result "1/2-1/2"]
[WhiteElo "2040"]
[BlackElo "2072"]
[PlyCount "40"]
[EventDate "1993.03.19"]
[EventType "swiss"]
[EventRounds "6"]
[EventCountry "ENG"]
[SourceTitle "BritBase"]
[Source "John Saunders"]
[SourceDate "2022.11.28"]
[SourceVersion "1"]
[SourceVersionDate "2022.08.23"]
[SourceQuality "1"]

1. e4 c5 2. Nc3 Nc6 3. f4 g6 4. Nf3 Bg7 5. Bb5 Nd4 6. a4 e6 7. d3 Ne7 8. e5 a6
9. Bc4 d5 10. exd6 Qxd6 11. Ne4 Qc7 12. c3 Ndc6 13. Nxc5 Na5 14. Ne4 Nxc4 15.
dxc4 O-O 16. Qe2 b6 17. O-O Bb7 18. Bd2 Nf5 19. Rfd1 Bxe4 20. Qxe4 Nd6 1/2-1/2